000 00982cab a2200169 4500
001 L130929
008 050919n2005 000 0 eng u
035 _a(Sirsi) u130929
041 0 _aeng
100 _aWehner, Piers
245 _aHowzat?!
260 _c2005
490 _aEstates Gazette
_v(0536) 10 September 2005, 70-73(4)
520 _aReports on how Surrey County Cricket Club comprehensively redeveloped the Oval stadium to ensure the continued staging of international events there. Describes the parts played by Drivers Jonas' DJ Sports team and the property team from law firm Wedlake Bell's in securing a contractor willing to work on such a high-profile project to be completed within a very rigid timeframe. Taylor Woodrow rose to the challenge, delivering the new northern stand on time and on budget.
690 _aPROPERTY-COMMERCIAL PROPERTY-LEISURE PROPERTY-SPORTS PROPERTY-STADIUM, ARENA AND SPORT COMPLEX PROPERTY-STADIA, ARENAS AND COMPLEXES
942 _n0
999 _c75891
_d75891